Landfill gas generation and modeling: manual of practice. Final draft
-д хадгалсан:
| Байгууллагын зохиогчид: | , |
|---|---|
| Формат: | Ном |
| Хэл сонгох: | англи |
| Хэвлэсэн: |
Silver Spring
SWANA
2005
|
| Хэвлэл: | 1a. ed |
| Нөхцлүүд: | |
| Шошгууд: |
Шошго нэмэх
Шошго байхгүй, Энэхүү баримтыг шошголох эхний хүн болох!
|
MARC
| LEADER | 00000nam a2200000 a 4500 | ||
|---|---|---|---|
| 001 | UCJ9364 | ||
| 003 | CL-VaPUC | ||
| 008 | 070316e20050300us |||||||||||||||||eng|d | ||
| 082 | 0 | 4 | |a 628.53 |b SOL |2 21 |
| 110 | 2 | |a Solid Waste Association of North America |e author |9 519332 | |
| 710 | 2 | |a SWANA |e author |9 519333 | |
| 245 | 1 | 0 | |a Landfill gas generation and modeling: manual of practice. Final draft |
| 250 | |a 1a. ed | ||
| 300 | |a 41 p | ||
| 942 | |c BK | ||
| 945 | |d 20070316 00:00:00 |a cmena | ||
| 260 | |a Silver Spring |b SWANA |c 2005 | ||
| 650 | 7 | |a RELLENOS SANITARIOS |2 CL-VaPUC |9 411212 | |
| 650 | 7 | |a DESECHOS GASEOSOS |2 CL-VaPUC |9 483644 | |
| 650 | 0 | |a Contaminación del aire |9 255745 | |
| 650 | 7 | |a BIODEGRADACION |2 CL-VaPUC |9 323969 | |
| 650 | 7 | |a GAS |2 CL-VaPUC |9 340305 | |
| 583 | |a last modification |c 20171213 06:40:40 |k Rodrigo Vera | ||
| 999 | |c 324896 |d 324894 | ||
| 952 | |0 0 |1 0 |4 0 |6 628_530000000000000_SOL_2005 |7 0 |8 A |9 405282 |a BIBING |b BIBING |d 2019-11-22 |i 4324684 |o 628.53 SOL 2005 |p 4324684 |r 2025-01-20 |w 2019-11-22 |y BK |k CCL | ||